| 000 | 01775cam a22003135a 4500 | ||
|---|---|---|---|
| 003 | EG-ScBUE | ||
| 005 | 20211011123834.0 | ||
| 008 | 100706s2005 le a f d 000 0 ara d | ||
| 040 |
_aEG-ScBUE _bara _erda _cEG-ScBUE _dEG-ScBUE |
||
| 082 | 0 | 4 |
_a953.03 _bح س ن _222 |
| 100 | 1 |
_aحسني، أحمد ضياء بن محمد قللي العنقاوي، _eمؤلف. _915951 |
|
| 245 | 1 | 0 |
_aمعجم أشراف الحجاز في بلاد الحرمين : _bوما تفرع عنهم في مصر واليمن وغيرها من البلدان / _cتأليف وجمع وتحقيق الشريف أحمد ضياء بن محمد قللي العنقاوي الحسني ؛ تقديم الدكتور الشريف سامي بن محسن العنقاوي، الشريف هزاع بن شاكر بن هزاع العبدلي. |
| 246 | 3 | 4 |
_aLexicon of Al Hijaz Sharifs in the two Holy Mosques : _band their descendants in Egypt, Yemen and other countries |
| 250 | _aالطبعة الأولى. | ||
| 264 | 1 |
_aبيروت : _bمؤسسة الريان، _c2005. |
|
| 300 |
_a2 مجلد : _bإيضاحيات ؛ _c24 سم |
||
| 336 |
_2rdacontent _aنص _btxt |
||
| 337 |
_2rdamedia _aبدون وسيط _bn |
||
| 338 |
_2rdacarrier _aمجلد _bnc |
||
| 500 | _aيشتمل على ملاحق. | ||
| 505 | 0 | _aالمجلد الأول. (أ- ز) -- المجلد الثاني. (س-ق) | |
| 541 |
_aألف باء ؛ _cشراء ؛ |
||
| 651 | 7 |
_aشبه الجزيرة العربية _xتاريخ _vمعاجم. _2BUEsh |
|
| 653 |
_bGGEN _cOctober2021 |
||
| 655 |
_vReading book _934232 |
||
| 700 | 1 |
_915953 _aالعنقاوي، الشريف سامي بن محسن، _eمقدم. |
|
| 700 | 1 |
_915954 _aالعبدلي، الشريف هزاع بن شاكر بن هزاع، _eمقدم. |
|
| 942 |
_2ddc _cBB |
||
| 999 |
_c14396 _d14396 |
||